Programación Neuro Lingüística curso de practitioner (Registro nro. 51744)
[ vista simple ]
| 000 -ENCABEZADO | |
|---|---|
| Número de control [NR] | 01049nam a2200289Ia 4500 |
| 005 - FECHA Y HORA DE LA ÚLTIMA TRANSACCIÓN | |
| control field | 20211111074536.0 |
| 008 - DE LONGITUD FIJA DE DATOS DE ELEMENTOS - INFORMACIÓN GENERAL | |
| Elementos de longitud fija [NR] | 130821s2005 sp gr spa |
| 020 ## - NUMERO INTERNACIONAL NORMALIZADO PARA LIBROS [R] | |
| Número Internacional Normalizado del libro [NR] | 8477208190 |
| 040 ## - FUENTE DE CATALOGACION [NR] | |
| Agencia de catalogación original [NR] | Co-BoUCM |
| Idioma de catalogación [NR] | spa |
| 041 00 - CODIGO DE IDIOMA [R] | |
| Código de idioma para texto/pista de sonido o título separado [R] | Español |
| 100 1# - ASIENTO PRINCIPAL--NOMBRE PERSONAL [NR] | |
| Nombre personal [NR] | Carrión López, Salvador A. |
| ID Autoridad | 163289 |
| 245 10 - MENCION DE TITULO [NR] | |
| Título [NR] | Programación Neuro Lingüística curso de practitioner |
| Mención de responsabilidad, etc. [NR] | Salvador A. Carrión López |
| 246 ## - FORMA VARIANTE DEL TITULO [R] | |
| Título propiamente dicho/forma breve del título [NR] | Manual de formación en las técnicas PNL |
| 250 ## - MENCION DE EDICION [NR] | |
| Mención de edición [NR] | 4a. ed. |
| 260 ## - PUBLICACION, DISTRIBUCION, ETC. (PIE DE IMPRENTA) [R] | |
| Lugar de publicación, distribución, etc. [R] | Barcelona (España) |
| Nombre del editor, distribuidor, etc. [R] | Ediciones Obelisco |
| Fecha de publicación, distribución, etc. [R] | 2005 |
| 300 ## - DESCRIPCION FISICA [R] | |
| Extensión [R] | 454 páginas |
| 490 ## - MENCION DE SERIE [R] | |
| Mención de serie [R] | Colección Obelisco Psicología |
| 650 04 - ASIENTO SECUNDARIO DE MATERIA - TERMINO TEMATICO [R] | |
| Término temático o nombre geográfico como elemento de entrada [NR] | Administración de empresas |
| 9 (RLIN) | 435 |
| 650 04 - ASIENTO SECUNDARIO DE MATERIA - TERMINO TEMATICO [R] | |
| Término temático o nombre geográfico como elemento de entrada [NR] | Éxito |
| 9 (RLIN) | 15413 |
| 650 04 - ASIENTO SECUNDARIO DE MATERIA - TERMINO TEMATICO [R] | |
| Término temático o nombre geográfico como elemento de entrada [NR] | Éxito en los negocios |
| 9 (RLIN) | 15417 |
| 650 04 - ASIENTO SECUNDARIO DE MATERIA - TERMINO TEMATICO [R] | |
| Término temático o nombre geográfico como elemento de entrada [NR] | Programación neurolingüística |
| 9 (RLIN) | 22504 |
| 650 04 - ASIENTO SECUNDARIO DE MATERIA - TERMINO TEMATICO [R] | |
| Término temático o nombre geográfico como elemento de entrada [NR] | Psicología |
| 9 (RLIN) | 8001 |
| 710 ## - ASIENTO SECUNDARIO - NOMBRE CORPORATIVO [R] | |
| Nombre corporativo o de jurisdicción como elemento de entrada [NR] | Instituto Español de Programación Neuro-Lingüística |
| 9 (RLIN) | 163290 |
| 830 ## - ASIENTO SECUNDARIO DE SERIE--TITULO UNIFORME [R] | |
| Título uniforme [NR] | Bibliografía Básica Medio Universitario. |
| 9 (RLIN) | 29597 |
| 942 ## - ELEMENTOS DE ENTRADA AGREGADOS (KOHA) | |
| Tipo de ítem principal el descrito en 300a | Libro |
| Tema principal | Administración |
| Edición | 4 |
| Parte restante de la signatura top. | C318p |
| Sistema de clasificación | DEWEY |
| Clasificación | 650.1 |
| Fecha de último préstamo | Total préstamos | Signatura topográfica | Código de barras | Última vez visto | Ejemplar | Price effective from | Tipo de ítem | Perdido | Sistema de clasificación | Dañado | No prestable | Tipo de ítem específico | Suprimido | Ubicación habitual | Ubicación actual | Localización | Fecha de creación | Forma de adquisición | Costo |
|---|---|---|---|---|---|---|---|---|---|---|---|---|---|---|---|---|---|---|---|
| 28/01/2013 | 2 | 650.1 C318p | 100136498 | 04/12/2025 | Ej.1 | 03/02/2013 | Libro | DEWEY | Libro | Claustro | Claustro | 4to piso | 30/09/2012 | Compra | 84150.00 |